书目信息 |
| 题名: |
古今谚语
|
|
| 作者: | 朱安群 著 | |
| 分册: | ||
| 出版信息: | 南昌 江西人民出版社 1981.12 |
|
| 页数: | 274页 | |
| 开本: | 12cm | |
| 丛书名: | ||
| 单 册: | ||
| 中图分类: | I277.7 | |
| 科图分类: | ||
| 主题词: | 民间文学--中国 | |
| 电子资源: | ||
| ISBN: | ||
| 000 | 00527nam0 2200205 45 | |
| 001 | 0312221749 | |
| 005 | 20040413145621.2 | |
| 010 | @dCNY0.39 | |
| 091 | @a17110.24 | |
| 100 | @a20031222d1981 km y0chiy0120 ea | |
| 101 | @achi | |
| 105 | @a z 000yy | |
| 200 | 1 | @a古今谚语@AGu Jin Yan Yu@f朱安群著@FZhu An Qun Zhu |
| 210 | @a南昌@c江西人民出版社@d1981.12 | |
| 215 | @a274页@d12cm | |
| 606 | 0 | @a民间文学@x中国 |
| 690 | @aI277.7@v3 | |
| 701 | 0 | @a朱安群@4著 |
| 801 | @aCN@bTSTCL@c20031222 | |
| 905 | @dI277.7@e34@f1@b79385 | |
| 古今谚语/朱安群著.-南昌:江西人民出版社,1981.12 |
| 274页;12cm |
| ISBN :CNY0.39 |
| ● |
| 相关链接 |
|
|
|
|
正题名:古今谚语
索取号:I277.7/34
 
预约/预借
| 序号 | 登录号 | 条形码 | 馆藏地/架位号 | 状态 | 备注 |
| 1 | 0079385 | 000039167 | 第二借阅区/ [索取号:I277.7/34] | 在馆 | |
| 2 | 0079386 | 000039158 | 第一样本阅览室/ [索取号:I277.7/34] | 在馆 |